000 01404nam a2200361 a 4500
001 000013996
003 DO-SdBNP
005 20220706110107.0
007 000013996
008 091202s2003 dr 000 0 spa d
020 _a9993486787 (v. 1)
020 _a 9993486779 (v. 2)
020 _a9993489859 (v. 3)
020 _a9993496502 (v. 4)
020 _a9993496537 (Dura: v.5)
020 _q9993496529 (Rústica: v. 5)
020 _q 9993496529 (Rústica: v. 5)
040 _aBPMSU
_bspa
_cBPMSU
082 _aRD868.42
_bH519o 2003
_222
100 1 _aHenríquez Ureña, Pedro,
_d1884 -1946
245 1 0 _aObras completas /
_cPedro Henríquez Ureña ; edición Modesto E. Cuesta S.
260 _aSanto Domingo :
_b Editora Nacional,
_c2003.
300 _a5 v. ;
_c23 cm.
504 _aIncluye referencias bibliográficas y notas al pie de las páginas
505 0 _gv. 1.
_tFicción --
_gv. 2.
_tEstudios literarios --
_gv. 3.
_tEstudios métricos --
_gv. 4.
_tEstudios lingüísticos y filológicos --
_gv. 5.
_tEscritos políticos, sociológicos y filosóficos.
590 _6Inventariado, 2022/VM
600 1 4 _aHenríquez Ureña, Pedro,
_d1884 -1946
_xColecciones de escritos
650 4 _aEnsayos dominicanos
650 4 _aLiteratura dominicana
_xHistoria y crítica
700 1 _aCuesta S., Modesto E.
_eeditor
910 _aVmateo V. / Validado. Control de calidad BNPHU.
942 _2ddc
_cBK
999 _c7202
_d7202